LEADER 00799nam0 2200277 450 001 000023729 005 20090302101541.0 100 $a20090302d1948----km-y0itay50------ba 101 0 $aeng 102 $aGB 105 $ay-------001yy 200 1 $aMagnetism$fby Edmund C. Stoner 205 $a4th ed. 210 $aLondon$cMethuen & Co.$d1948 215 $aVI, 136 p.$d17 cm 225 2 $aMethuens monographs on physical subjects 410 0$12001$aMethuens monographs on physical subjects 500 10$aMagnetism$944562 610 1 $aMagnetismo 676 $a538$v18$9Magnetismo 700 1$aStoner,$bEdmund C.$014578 801 0$aIT$bUNIPARTHENOPE$c20090302$gRICA$2UNIMARC 912 $a000023729 951 $aS 538/11$bS A 156$cDSA$d2009 996 $aMagnetism$944562 997 $aUNIPARTHENOPE LEADER 01100nam--2200385---450- 001 990001511420203316 005 20051213170655.0 035 $a000151142 035 $aUSA01000151142 035 $a(ALEPH)000151142USA01 035 $a000151142 100 $a20040317d1974----km-y0itay0103----ba 101 0 $aita 102 $aIT 105 $aa|||||||001yy 200 1 $aErcolano e Stabia$fa cura di Alfonso de Franciscis 210 $aNovara$cIstituto geografico De Agostini$d1974 215 $a63 p.$cill.$d30 cm 225 2 $a<> documentari$v71 410 0$12001$a<> documentari$v71 454 1$12001 461 1$1001-------$12001 607 $aErcolano 607 $aStabia 700 1$aDE FRANCISCIS,$bAlfonso$032158 801 0$aIT$bsalbc$gISBD 912 $a990001511420203316 951 $aXV.1.C. 301(913.377 DEF)$b78161 L.M.$cDEF 959 $aBK 969 $aUMA 979 $aSIAV4$b10$c20040317$lUSA01$h1433 979 $aPATRY$b90$c20040406$lUSA01$h1745 979 $aCOPAT1$b90$c20051213$lUSA01$h1706 996 $aErcolano e Stabia$9935439 997 $aUNISA